| 000 | 00733nam a22001337a 4500 | ||
|---|---|---|---|
| 040 | _cRUA | ||
| 082 | _aGRS HOL 2015 B542 Or.1 | ||
| 100 | _aHOL DAVOUN; ហ៊ល ដាវុន | ||
| 245 | _aThe efficiency of laterite road constuction using comunnal fund in sethey communne, samakimeanchey district, kampongchhnang province, ប្រសិទ្ធភាពសាងសងផ្លូវក្រាលក្រួសក្រហមប្រើប្រាស់មូលនិធីឃុំសេដ្ឋី ស្រុកសាមគ្គីមានជ័យ ខេត្តកំពង់ឆ្នាំង | ||
| 260 |
_aPhnom Penh _bHOL _c2015 |
||
| 300 |
_aviii,37p. _bill. _c29cm. |
||
| 856 | _uHOL DAVOUN | ||
| 942 | _cGRS | ||
| 999 |
_c11018 _d11018 |
||